00444 2200157 4500001002100000008004100021035002000062245003600082100001300118260004000131300002000171082001600191650005300207990001300260990001300273INLIS000000000000353 ind  a0010-0322000353 aARTI TEU NANAON KU NANAONcIKHA aFIDELARA aKLATENbBINA SUMBER DAYA MIPAc2008 a54 hlm.c25 cm. a398.395 985 aCERITA RAKYAT - BALI, NUSA TENGGARA, TIMOR-TIMUR a102532-1 a102532-2